bad idea right - Olivia Rodrigo (All Lyrics) - Statistics

General Stats
  • This quiz has been taken 61 times
  • The average score is 359 of 431
Answer Stats
Lyrics % Correct
I
98%
(I
98%
a
95%
bad
95%
idea,
95%
friend
93%
it,
93%
It's
93%
it's
93%
right
93%
right?
93%
see
93%
The
93%
the
93%
But
91%
But,
91%
but
91%
in
91%
know
91%
my
91%
My
91%
on
91%
to
91%
you
91%
and
89%
And
89%
as
89%
Can't
89%
can't
89%
hear
89%
lie
89%
that
89%
he's
86%
him
86%
only
86%
tonight
86%
when
86%
your
86%
all
84%
ex
84%
I'm
84%
people
84%
reconnect?
84%
said
84%
Seeing
84%
was
84%
where
84%
you're
84%
bed
82%
biggest
82%
ever
82%
friends
82%
his
82%
me
82%
thoughts
82%
thoughts)
82%
Thoughts
82%
two
82%
up
82%
"Ah"
80%
at
80%
Fuck
80%
goes,
80%
goes
80%
Should
80%
should
80%
Yes,
80%
yes,
80%
brain
77%
here
77%
Oh,
77%
we're
77%
with
77%
asleep
75%
cannot
75%
fell
75%
fine
75%
into
75%
men
75%
never
75%
now
75%
Now
75%
of
75%
phone,
75%
sheets
75%
stop,
75%
through
75%
told
75%
done,
73%
door
73%
Haven't
73%
I've
73%
just
73%
not
73%
sure
73%
tripped
73%
address
70%
alone
70%
car,
70%
fucked
70%
God,
70%
hotter
70%
look
70%
new
70%
seen
70%
smiling
70%
Like
68%
much
68%
out
68%
probably
68%
probably,
68%
remember
68%
sending
68%
standing,
68%
blah
66%
(Blah,
66%
blah,
66%
blah)
66%
Blah
66%
callin'
66%
couple
66%
months
66%
really
66%
floor
64%
gettin'
64%
heard
64%
undertone
64%
some
61%
from
59%
plans
59%
second
59%
sensing
57%
place
55%
wreckin'
55%
or
52%
whose
50%
pull
41%
Hey
34%
No matching quizzes found
Score Distribution
Percent of People with Each Score
Percentile by Number Answered
Your Score History
You have not taken this quiz